| Tag |
First Indicator |
Second Indicator |
Subfields |
| LEADER |
00000cam a2200000 i 4500 |
| 001 |
in00005761821 |
| 005 |
20260327151831.7 |
| 006 |
m o d |
| 007 |
cr cn||||||||| |
| 008 |
170509t20182018paua ob 001 0 eng d |
| 010 |
|
|
|a 2016050910
|
| 040 |
|
|
|a TMC
|b eng
|e rda
|e pn
|c TMC
|d ABH
|d MMU
|d UIU
|d OPELS
|d YDX
|d OCLCF
|d OCLCO
|d CASUM
|d UAB
|d OCLCO
|d OTZ
|d OCLCO
|d SAV
|d LEATE
|d OCLCA
|d QGQ
|d BUF
|d OCLCO
|d U3W
|d OCLCO
|d CUX
|d AU@
|d OCLCO
|d UKMGB
|d OCLCO
|d WYU
|d OCLCO
|d OCLCA
|d LQU
|d OCLCQ
|d OCLCO
|d OCLCA
|d S2H
|d OCLCO
|d LVT
|d VT2
|d OPELS
|d OCLCO
|d OCLCQ
|d OCL
|d OCLCO
|d OCLCL
|d OCLCQ
|d OCLCL
|d OCLCQ
|d COA
|
| 015 |
|
|
|a GBB8F0493
|2 bnb
|
| 015 |
|
|
|a GBB8J1914
|2 bnb
|
| 016 |
7 |
|
|a 019001244
|2 Uk
|
| 016 |
7 |
|
|a 019083653
|2 Uk
|
| 019 |
|
|
|a 1013736675
|a 1058901880
|a 1066481663
|a 1096237610
|a 1105179729
|a 1105566192
|a 1141416927
|a 1162503504
|a 1229827509
|a 1235828589
|a 1340084418
|
| 020 |
|
|
|a 9780323447232
|q (electronic bk.)
|
| 020 |
|
|
|a 0323447236
|q (electronic bk.)
|
| 020 |
|
|
|z 9780323399562
|q (hardcover ;
|q alk. paper)
|
| 020 |
|
|
|z 0323399568
|q (hardcover ;
|q alk. paper)
|
| 024 |
8 |
|
|a (WaSeSS)ssj0001806130
|
| 035 |
|
|
|a (OCoLC)986243536
|z (OCoLC)1013736675
|z (OCoLC)1058901880
|z (OCoLC)1066481663
|z (OCoLC)1096237610
|z (OCoLC)1105179729
|z (OCoLC)1105566192
|z (OCoLC)1141416927
|z (OCoLC)1162503504
|z (OCoLC)1229827509
|z (OCoLC)1235828589
|z (OCoLC)1340084418
|
| 037 |
|
|
|a 9780323447232
|b Ingram Content Group
|
| 050 |
|
4 |
|a RJ50
|
| 060 |
|
4 |
|a WB 143
|
| 082 |
0 |
4 |
|a 618.92/0075
|2 23
|
| 049 |
|
|
|a TXAM
|
| 245 |
0 |
0 |
|a Nelson pediatric symptom-based diagnosis /
|c [edited by] Robert M. Kliegman, Patricia S. Lye, Brett J. Bordini, Heather Toth, Donald Basel.
|
| 246 |
3 |
|
|a Pediatric symptom-based diagnosis
|
| 264 |
|
1 |
|a Philadelphia, PA :
|b Elsevier,
|c [2018]
|
| 264 |
|
4 |
|c ©2018
|
| 300 |
|
|
|a 1 online resource :
|b color illustrations
|
| 336 |
|
|
|a text
|b txt
|2 rdacontent
|
| 337 |
|
|
|a computer
|b c
|2 rdamedia
|
| 338 |
|
|
|a online resource
|b cr
|2 rdacarrier
|
| 588 |
0 |
|
|a Print version record.
|
| 504 |
|
|
|a Includes bibliographical references and index.
|
| 505 |
0 |
|
|a SECTION ONE: RESPIRATORY DISORDERS -- 1. Sore Throat -- 2. Cough -- 3. Respiratory Distress -- 4. Earache -- 5. Apparent Life-Threatening Event -- Brief Resolved Unexplained Event -- SECTION TWO: CARDIAC DISORDERS -- 6 --. Syncope and Dizziness -- 7. Chest Pain -- 8. Murmurs -- SECTION THREE: GASTROINTESTINAL DISORDERS -- 9. Failure to Thrive -- 10. Abdominal Pain -- 11. Diarrhea -- 12. Vomiting and Regurgitation -- 13. Gastrointestinal Bleeding -- 14. Hepatomegaly -- 15. Jaundice -- 16. Constipation -- 17. Abdominal Masses -- SECTION FOUR: GENITOURINARY DISORDERS -- 18. Dysuria -- 19. Proteinuria -- 20. Hematuria -- 21. Acute and Chronic Scrotal Swelling -- 22. Menstrual Problems and Vaginal Bleeding -- 23. Disorders of Sexual Development -- SECTION FIVE: DEVELOPMENTAL AND PSYCHIATRIC DISORDERS -- 24. Intellectual and Developmental Disability -- 25. Dysmorphology -- 26. The Irritable Infant -- 27. Unusual Behaviors -- SECTION SIX: NEUROSENSORY DISORDERS -- 28. Headaches -- 29. Hypotonia, Weakness, and Stroke -- 30. Paroxysmal Disorders -- 31. Altered Mental Status -- 32. Eye Disorders -- SECTION SEVEN: MUSCULOSKELETAL DISORDERS -- 33. Arthritis -- 34. Gait Disturbances -- 35. Back Pain in Children and Adolescents -- SECTION EIGHT: HEMATOLOGIC DISORDERS -- 36. Lymphadenopathy and Neck Masses -- 37. Pallor and Anemia -- 38. Bleeding and Thrombosis -- SECTION NINE: INFECTIOUS DISEASES -- 39. Fever -- 40. Fever and Rash -- 41. Recurrent Fever, Infections, Immune Disorders, and Autoinflammatory Diseases -- SECTION TEN: ENDOCRINE AND METABOLIC DISORDERS -- 42. Disorders of Puberty -- 43. Short Stature -- 44. Hypoglycemia -- 45. Urinary Incontinence and Polyuria -- 46. Acid-Base and Electrolyte Disturbances -- SECTION ELEVEN: DERMATOLOGY -- 47. Congenital Cutaneous Lesions and Infant Rashes -- 48. Acquired Rashes in the Older Child
|
| 520 |
|
|
|a "Nelson Pediatric Symptom-Based Diagnosis, by Drs. Robert M. Kliegman, Patricia S. Lye, Brett Bordini, Heather Toth, and Donald Basel, uses a unique, step-by-step, symptom-based approach to differential diagnosis of diseases and disorders in children and adolescents. Conveniently linked to the world's best-selling pediatric reference, Nelson Textbook of Pediatrics, 20th Edition, it focuses on the symptoms you're likely to see in general practice, as well as uncommon disorders. You'll find clear guidance on exactly what to consider and how to proceed when faced with a host of common symptoms such as cough, fever, headache, chest pain, gait disturbances, and many more"--Publisher's description.
|
| 588 |
0 |
|
|a Online resource; title from resource home page (ClinicalKey, viewed May 10, 2017).
|
| 650 |
|
0 |
|a Diagnosis, Differential.
|
| 650 |
|
0 |
|a Symptoms.
|
| 650 |
|
0 |
|a Pediatrics.
|
| 650 |
|
0 |
|a Children.
|
| 650 |
|
0 |
|a Infants.
|
| 650 |
|
0 |
|a Human beings.
|
| 650 |
0 |
2 |
|a Humans
|
| 650 |
1 |
2 |
|a Signs and Symptoms
|
| 650 |
1 |
2 |
|a Pediatrics
|
| 650 |
2 |
2 |
|a Adolescent
|
| 650 |
2 |
2 |
|a Child
|
| 650 |
2 |
2 |
|a Infant
|
| 650 |
2 |
2 |
|a Diagnosis, Differential
|
| 650 |
|
6 |
|a Diagnostics différentiels.
|
| 650 |
|
6 |
|a Signes et symptômes.
|
| 650 |
|
6 |
|a Pédiatrie.
|
| 650 |
|
6 |
|a Enfants.
|
| 650 |
|
6 |
|a Nourrissons.
|
| 650 |
|
6 |
|a Êtres humains.
|
| 650 |
|
7 |
|a children (people by age group)
|2 aat
|
| 650 |
|
7 |
|a infants.
|2 aat
|
| 650 |
|
7 |
|a Homo sapiens (species)
|2 aat
|
| 650 |
|
7 |
|a Infants
|2 fast
|
| 650 |
|
7 |
|a Children
|2 fast
|
| 650 |
|
7 |
|a Diagnosis, Differential
|2 fast
|
| 650 |
|
7 |
|a Pediatrics
|2 fast
|
| 650 |
|
7 |
|a Symptoms
|2 fast
|
| 655 |
|
7 |
|a Electronic books.
|2 local
|
| 655 |
|
4 |
|a Internet Resources.
|
| 700 |
1 |
|
|a Kliegman, Robert,
|e editor.
|
| 700 |
1 |
|
|a Lye, Patricia S.,
|e editor.
|
| 700 |
1 |
|
|a Bordini, Brett J.,
|e editor.
|
| 700 |
1 |
|
|a Toth, Heather,
|e editor.
|
| 700 |
1 |
|
|a Basel, Donald,
|e editor.
|
| 710 |
2 |
|
|a ScienceDirect (Online service)
|
| 776 |
0 |
8 |
|i Print version:
|t Nelson pediatric symptom-based diagnosis.
|d Philadelphia, PA : Elsevier, [2018]
|z 9780323399562
|w (DLC) 2016050910
|w (OCoLC)962548483
|
| 856 |
4 |
0 |
|u http://proxy.library.tamu.edu/login?url=https://www.sciencedirect.com/science/book/9780323399562
|z Connect to the full text of this electronic book
|t 0
|
| 955 |
|
|
|a Elsevier ScienceDirect 2026-2027
|
| 994 |
|
|
|a 92
|b TXA
|
| 999 |
f |
f |
|i 1b49daf6-ab34-4381-8928-51daf6e8563b
|s c250b30b-9bd2-4290-8b3e-d23dbf89603a
|t 0
|
| 952 |
f |
f |
|a Texas A&M University
|b College Station
|c Electronic Resources
|s www_evans
|d Available Online
|t 0
|e RJ50
|h Library of Congress classification
|
| 998 |
f |
f |
|a RJ50
|t 0
|l Available Online
|